[Event "Frauenbundesliga 2017-2018"]
[Site "Feffernitz, Grieskirchen, St. Veit/Glan"]
[Date "2017.11.24"]
[Round "1"]
[Board "1"]
[White "Kejzar, Petra"]
[Black "Fuchs, Judith"]
[Result "0-1"]
[WhiteElo "2071"]
[BlackElo "2286"]
[PlyCount "72"]
[EventDate "2017.11.24"]
[EventType "team"]
[EventRounds "9"]
[EventCountry "AUT"]
[WhiteTeam "SV OEkothek St. Veit/Glan"]
[BlackTeam "Mayrhofen/SK Zell/Zillertal"]

1. b3 Nf6 2. Bb2 g6 3. f4 Bg7 4. Nf3 d6 5. e3 O-O 6. Be2 c5 7. O-O Nc6 8. Qe1
Rb8 9. a4 a6 10. Na3 Bd7 11. Qh4 Nb4 12. d3 Nbd5 13. e4 Ne3 14. Rfe1 d5 15. Be5
Rc8 16. exd5 Nfxd5 17. Bf1 f6 18. Bb2 Nf5 19. Qf2 Nxf4 20. d4 cxd4 21. Bc4+ Kh8
22. Nxd4 e5 23. Nxf5 Bxf5 24. Rad1 Qc7 25. Bc1 Bg4 26. Rd2 Rfe8 27. Qh4 Bf5 28.
Rf2 g5 29. Qg3 Bf8 30. Nb1 b5 31. axb5 axb5 32. Bxb5 Qa5 33. Nc3 Rxc3 34. Bd2
Qxb5 35. Qxc3 Bc5 36. Be3 Bb4  0-1

[Event "Frauenbundesliga 2017-2018"]
[Site "Feffernitz, Grieskirchen, St. Veit/Glan"]
[Date "2017.11.24"]
[Round "1"]
[Board "2"]
[White "Wu, Min"]
[Black "Tarmastin, Laura"]
[Result "1-0"]
[WhiteElo "1948"]
[BlackElo "1883"]
[PlyCount "101"]
[EventDate "2017.11.24"]
[EventType "team"]
[EventRounds "9"]
[EventCountry "AUT"]
[WhiteTeam "Mayrhofen/SK Zell/Zillertal"]
[BlackTeam "SV OEkothek St. Veit/Glan"]

1. e4 e5 2. Nf3 Nc6 3. Nc3 Nf6 4. d4 exd4 5. Nxd4 Bc5 6. Nb3 Bb6 7. Qe2 Qe7 8.
Bg5 a5 9. Nd5 Qe6 10. Bxf6 gxf6 11. Nxb6 cxb6 12. c3 a4 13. Nd4 Qe5 14. O-O-O
a3 15. b3 O-O 16. Qf3 Kh8 17. Qf5 Nxd4 18. Rxd4 Ra5 19. Qxe5 fxe5 20. Rd6 Rc5
21. Kd2 Rd8 22. Bc4 b5 23. Bd5 Rf8 24. f3 Rg8 25. g3 Kg7 26. Rb1 Kf8 27. b4 Rc7
28. Rb3 Ke7 29. Rh6 Rg6 30. Rxg6 hxg6 31. Rxa3 d6 32. Ra5 Bd7 33. Ra7 Bc8 34.
Kd3 Kd8 35. Ra8 Ke7 36. h4 Bh3 37. Ra7 Bc8 38. a4 bxa4 39. c4 a3 40. b5 Kf8 41.
Rxa3 Kg7 42. Ra7 Kh6 43. Ke3 g5 44. b6 Re7 45. Ra8 Be6 46. hxg5+ Kxg5 47. Bxe6
Rxe6 48. Rd8 d5 49. Rxd5 Rxb6 50. Rxe5+ Kf6 51. Rb5  1-0

[Event "Frauenbundesliga 2017-2018"]
[Site "Feffernitz, Grieskirchen, St. Veit/Glan"]
[Date "2017.11.24"]
[Round "1"]
[Board "3"]
[White "Krassnitzer, Maria"]
[Black "Mayrhuber, Nikola"]
[Result "0-1"]
[WhiteElo "1620"]
[BlackElo "2061"]
[PlyCount "70"]
[EventDate "2017.11.24"]
[EventType "team"]
[EventRounds "9"]
[EventCountry "AUT"]
[WhiteTeam "SV OEkothek St. Veit/Glan"]
[BlackTeam "Mayrhofen/SK Zell/Zillertal"]

1. d4 d5 2. Nf3 Nf6 3. Bf4 c5 4. e3 Nc6 5. c3 Qb6 6. b3 Bf5 7. Bd3 Ne4 8. O-O
e6 9. Nh4 Bg6 10. Nxg6 hxg6 11. Bxe4 dxe4 12. Nd2 f5 13. Nc4 Qd8 14. dxc5 Bxc5
15. Qe2 Qf6 16. Bg3 g5 17. h3 O-O-O 18. b4 Bb6 19. b5 Na5 20. Nxa5 Bxa5 21.
Qc4+ Kd7 22. Rfd1+ Ke7 23. Qc5+ Kf7 24. Be5 Bb6 25. Bxf6 Rxd1+ 26. Rxd1 Bxc5
27. Bxg5 Kg6 28. Bf4 Kf6 29. Rd7 Rc8 30. Rxb7 Bb6 31. a4 e5 32. Bg3 Rxc3 33. a5
Bc5 34. Rc7 f4 35. exf4 Bxf2+  0-1

[Event "Frauenbundesliga 2017-2018"]
[Site "Feffernitz, Grieskirchen, St. Veit/Glan"]
[Date "2017.11.24"]
[Round "1"]
[Board "4"]
[White "Konecny, Sophie"]
[Black "Stangl, Helga"]
[Result "1-0"]
[WhiteElo "1818"]
[BlackElo "1605"]
[PlyCount "103"]
[EventDate "2017.11.24"]
[EventType "team"]
[EventRounds "9"]
[EventCountry "AUT"]
[WhiteTeam "Mayrhofen/SK Zell/Zillertal"]
[BlackTeam "SV OEkothek St. Veit/Glan"]

1. d4 Nf6 2. c4 e6 3. Nf3 Bb4+ 4. Bd2 Bxd2+ 5. Nbxd2 O-O 6. g3 d6 7. Bg2 Nbd7
8. Qc2 c5 9. O-O cxd4 10. Nxd4 Qb6 11. N2b3 Nc5 12. Rfd1 Bd7 13. Nxc5 dxc5 14.
Nf3 Qc7 15. Rd2 Bc6 16. Nh4 Bxg2 17. Nxg2 Rad8 18. Rad1 Rxd2 19. Qxd2 b6 20.
Ne3 h5 21. h4 Qe5 22. b3 Qe4 23. Ng2 Qc6 24. Nf4 Ne4 25. Qe3 Nf6 26. Qe5 Qe4
27. Qxe4 Nxe4 28. Nxh5 Nc3 29. Rd2 a5 30. a4 g6 31. Nf6+ Kg7 32. Ng4 Rh8 33. f3
Re8 34. Ne5 Kf6 35. Ng4+ Ke7 36. Ne5 Kf6 37. f4 Re7 38. Kg2 Kf5 39. Kf3 Kf6 40.
e3 Nb1 41. Rd3 Na3 42. Nd7+ Kg7 43. Nxb6 Rc7 44. Ke2 Nc2 45. g4 Nb4 46. Rd2 Nc6
47. Rd7 Rxd7 48. Nxd7 f6 49. Nxc5 e5 50. Kf3 exf4 51. Kxf4 Kf7 52. h5  1-0

[Event "Frauenbundesliga 2017-2018"]
[Site "Feffernitz, Grieskirchen, St. Veit/Glan"]
[Date "2017.11.24"]
[Round "1"]
[Board "1"]
[White "Hapala, Elisabeth"]
[Black "Novkovic, Julia"]
[Result "1/2-1/2"]
[WhiteElo "2091"]
[BlackElo "2151"]
[PlyCount "60"]
[EventDate "2017.11.24"]
[EventType "team"]
[EventRounds "9"]
[EventCountry "AUT"]
[WhiteTeam "ASVOE Pamhagen"]
[BlackTeam "SK Dornbirn"]

1. e4 e5 2. Nf3 Nc6 3. Bb5 a6 4. Ba4 Nge7 5. O-O Ng6 6. c3 b5 7. Bc2 d6 8. a4
Rb8 9. d4 Bg4 10. d5 Nce7 11. h3 Bd7 12. Nbd2 Nf4 13. Nb3 Neg6 14. Na5 Qc8 15.
Ne1 Be7 16. Nc6 Ra8 17. axb5 axb5 18. Rxa8 Qxa8 19. Nxe7 Kxe7 20. Nd3 f6 21.
Nxf4 Nxf4 22. Bxf4 exf4 23. Qf3 g5 24. Qh5 Qe8 25. Qxe8+ Rxe8 26. Ra1 h5 27.
Ra7 Kd8 28. Ra8+ Ke7 29. Ra7 Kd8 30. Ra8+ Ke7  1/2-1/2

[Event "Frauenbundesliga 2017-2018"]
[Site "Feffernitz, Grieskirchen, St. Veit/Glan"]
[Date "2017.11.24"]
[Round "1"]
[Board "2"]
[White "Kurapova, Olga"]
[Black "Borek, Jutta"]
[Result "1-0"]
[WhiteElo "1964"]
[BlackElo "2031"]
[PlyCount "114"]
[EventDate "2017.11.24"]
[EventType "team"]
[EventRounds "9"]
[EventCountry "AUT"]
[WhiteTeam "SK Dornbirn"]
[BlackTeam "ASVOE Pamhagen"]

1. d4 Nf6 2. c4 e6 3. Nc3 Bb4 4. Qc2 c5 5. e3 d6 6. Bd3 Nc6 7. Nf3 O-O 8. O-O
h6 9. Ne2 e5 10. d5 Ne7 11. a3 Ba5 12. Rb1 Qe8 13. e4 Ng6 14. b4 Bb6 15. Nd2
cxb4 16. axb4 Bd7 17. Ba3 Rc8 18. Nb3 Ba4 19. Nc3 Bxb3 20. Qxb3 Nf4 21. Nb5 Qd7
22. Nxd6 Qg4 23. g3 N6h5 24. Qd1 Qh3 25. Qf3 Nxd3 26. Qxd3 Nf4 27. Qf3 g5 28.
Rb2 Bd4 29. Rc2 g4 30. Qh1 Rc7 31. Bc1 Nd3 32. Bd2 a6 33. Nf5 Kh7 34. Nxd4 exd4
35. e5 f5 36. exf6 Re8 37. Bf4 Rf7 38. d6 Nxb4 39. Rd2 Nc6 40. Qd5 Rxf6 41. d7
Ref8 42. Rb1 Rf5 43. Qe4 Qh5 44. Rxb7 Nd8 45. Rb8 Qf7 46. Rxd4 Kg8 47. Rd5 Rf6
48. c5 Re6 49. Qb1 Re2 50. Rd1 Qe6 51. Qb3 Qxb3 52. Rxb3 Rc2 53. Rd2 Rxc5 54.
Bxh6 Rff5 55. Rb8 Rc1+ 56. Kg2 Rb5 57. Rxd8+ Kh7  1-0

[Event "Frauenbundesliga 2017-2018"]
[Site "Feffernitz, Grieskirchen, St. Veit/Glan"]
[Date "2017.11.24"]
[Round "1"]
[Board "3"]
[White "Horvath, Maria"]
[Black "Bas, Aydan"]
[Result "1-0"]
[WhiteElo "1980"]
[BlackElo "1497"]
[PlyCount "93"]
[EventDate "2017.11.24"]
[EventType "team"]
[EventRounds "9"]
[EventCountry "AUT"]
[WhiteTeam "ASVOE Pamhagen"]
[BlackTeam "SK Dornbirn"]

1. d4 Nf6 2. c4 g6 3. Nc3 Bg7 4. e4 d6 5. Be2 Nc6 6. d5 Ne5 7. f4 Ned7 8. Nf3
e5 9. fxe5 dxe5 10. O-O O-O 11. Bg5 h6 12. Bh4 Re8 13. Ne1 g5 14. Bf2 Bf8 15.
Nd3 b6 16. b4 Bb7 17. Qb3 a5 18. a3 Qc8 19. Rac1 axb4 20. axb4 c5 21. b5 Bd6
22. Be3 Qd8 23. h4 Nh7 24. Bg4 Ndf6 25. Bf5 Bc8 26. Qc2 Ng4 27. Qe2 Nxe3 28.
Qxe3 Kg7 29. Bxh7 Kxh7 30. Rxf7+ Kg6 31. Rcf1 Bg4 32. hxg5 Qxg5 33. Qxg5+ Kxg5
34. Rg7+ Kh5 35. Rb7 Rab8 36. Rff7 Rxb7 37. Rxb7 Rb8 38. Ra7 Bc8 39. Kf2 Kg6
40. Ne2 Rb7 41. Rxb7 Bxb7 42. Ng1 Bc8 43. Nf3 Kf6 44. Kg3 Bf5 45. Nf2 Bd7 46.
Ng4+ Bxg4 47. Kxg4  1-0

[Event "Frauenbundesliga 2017-2018"]
[Site "Feffernitz, Grieskirchen, St. Veit/Glan"]
[Date "2017.11.24"]
[Round "1"]
[Board "4"]
[White "Pribozic, Sabrina"]
[Black "Kosc, Renata"]
[Result "0-1"]
[WhiteElo "1520"]
[BlackElo "1989"]
[PlyCount "64"]
[EventDate "2017.11.24"]
[EventType "team"]
[EventRounds "9"]
[EventCountry "AUT"]
[WhiteTeam "SK Dornbirn"]
[BlackTeam "ASVOE Pamhagen"]

1. d4 f5 2. c4 Nf6 3. Nc3 g6 4. Nf3 Bg7 5. e3 d6 6. Be2 O-O 7. O-O c6 8. Ne1
Qc7 9. Nc2 e5 10. f3 Nbd7 11. Rb1 a5 12. b3 Rd8 13. Qe1 Nf8 14. Qf2 Ne6 15. Bd2
f4 16. exf4 Nxf4 17. Bxf4 exf4 18. Rbd1 Bf5 19. Bd3 Bxd3 20. Rxd3 d5 21. c5 Re8
22. Rdd1 Nd7 23. Rfe1 b5 24. Ne2 g5 25. h4 h6 26. Kf1 Nf8 27. hxg5 hxg5 28. Qg1
Qf7 29. Nc1 Ng6 30. Qf2 Nh4 31. Re2 Nf5 32. Rde1 Ng3+  0-1

[Event "Frauenbundesliga 2017-2018"]
[Site "Feffernitz, Grieskirchen, St. Veit/Glan"]
[Date "2017.11.24"]
[Round "1"]
[Board "1"]
[White "Richterova, Natasa"]
[Black "Unuk, Laura"]
[Result "1/2-1/2"]
[WhiteElo "2181"]
[BlackElo "2329"]
[PlyCount "94"]
[EventDate "2017.11.24"]
[EventType "team"]
[EventRounds "9"]
[EventCountry "AUT"]
[WhiteTeam "Spg. Steyr"]
[BlackTeam "SK Baden"]

1. Nf3 Nf6 2. g3 d5 3. c4 d4 4. d3 c5 5. Bg2 Nc6 6. O-O h6 7. Re1 e6 8. e4 e5
9. Nh4 Bd6 10. Nf5 g6 11. Nxd6+ Qxd6 12. f4 a6 13. Nd2 b5 14. b3 O-O 15. Nf3
Ng4 16. fxe5 Ncxe5 17. Nxe5 Qxe5 18. Bf4 Qe6 19. h3 g5 20. hxg4 gxf4 21. gxf4
Qxg4 22. Qxg4+ Bxg4 23. Rac1 b4 24. Kf2 a5 25. Rh1 Ra6 26. Rh4 f5 27. Rg1 Kh7
28. Bf3 Bxf3 29. Kxf3 Rg6 30. Rxg6 Kxg6 31. exf5+ Rxf5 32. Ke4 h5 33. Rh2 Kf6
34. Rh1 Ke6 35. Rg1 h4 36. Rg6+ Rf6 37. Rg5 Kd6 38. Rd5+ Kc6 39. Kf3 Rh6 40.
Kg2 h3+ 41. Kh2 Rh4 42. f5 Rh6 43. Re5 Kd6 44. Rd5+ Kc6 45. Rd8 Rf6 46. Rd5 Rh6
47. Re5 Kd6  1/2-1/2

[Event "Frauenbundesliga 2017-2018"]
[Site "Feffernitz, Grieskirchen, St. Veit/Glan"]
[Date "2017.11.24"]
[Round "1"]
[Board "2"]
[White "Stallinger, Vanessa"]
[Black "Saler-Grafenberger, Elisabeth"]
[Result "1/2-1/2"]
[WhiteElo "1789"]
[BlackElo "1907"]
[PlyCount "149"]
[EventDate "2017.11.24"]
[EventType "team"]
[EventRounds "9"]
[EventCountry "AUT"]
[WhiteTeam "SK Baden"]
[BlackTeam "Spg. Steyr"]

1. e4 d6 2. d4 Nf6 3. Nc3 e5 4. Nf3 Nbd7 5. Be2 Be7 6. g4 exd4 7. Nxd4 Nc5 8.
Bf3 O-O 9. Be3 Nfd7 10. Be2 Bf6 11. Qd2 Re8 12. g5 Bxd4 13. Qxd4 Nb8 14. f3 Nc6
15. Qd2 Nd7 16. O-O-O a6 17. h4 b5 18. h5 Nde5 19. b3 Be6 20. f4 Ng4 21. g6
Nxe3 22. Qxe3 b4 23. gxh7+ Kxh7 24. h6 g6 25. Na4 Qf6 26. Nb2 a5 27. Rdf1 Nd4
28. Bd3 Bd7 29. e5 dxe5 30. fxe5 Nf5 31. Bxf5 Bxf5 32. Re1 Qc6 33. Rh2 Rad8 34.
Rf2 Rd5 35. Qg3 Rc5 36. Rxf5 Rxc2+ 37. Kb1 Re7 38. Rf2 Rc3 39. Qf4 Qe6 40. Nc4
Rh3 41. Nxa5 Rxh6 42. Qxb4 Rh5 43. Nc4 Rd7 44. Ref1 Qd5 45. Qc3 Qe4+ 46. Kb2
Qd5 47. a4 Qe6 48. a5 Rh3 49. Qb4 Kg7 50. Qb5 Rdd3 51. Rxf7+ Kh6 52. R7f6 Rxb3+
53. Qxb3 Rxb3+ 54. Kxb3 Qd5 55. a6 Qb5+ 56. Kc3 c5 57. Nd2 Qb4+ 58. Kc2 Qa4+
59. Kb1 c4 60. R6f4 Qb5+ 61. Kc2 Qxa6 62. Nxc4 Qa2+ 63. Kc3 Qe2 64. Rf6 Kh5 65.
Kd4 g5 66. e6 g4 67. Ne3 Qb2+ 68. Ke4 Qb4+ 69. Ke5 Qc3+ 70. Ke4 Qb4+ 71. Kd3
Qb5+ 72. Kd4 Qb4+ 73. Kd3 Qb5+ 74. Kd4 Qb4+ 75. Kd3  1/2-1/2

[Event "Frauenbundesliga 2017-2018"]
[Site "Feffernitz, Grieskirchen, St. Veit/Glan"]
[Date "2017.11.24"]
[Round "1"]
[Board "3"]
[White "Bernhard, Julia"]
[Black "Lymysalo, Venla"]
[Result "1/2-1/2"]
[WhiteElo "1803"]
[BlackElo "1767"]
[PlyCount "92"]
[EventDate "2017.11.24"]
[EventType "team"]
[EventRounds "9"]
[EventCountry "AUT"]
[WhiteTeam "Spg. Steyr"]
[BlackTeam "SK Baden"]

1. e4 c5 2. Nf3 d6 3. Bb5+ Nd7 4. c3 a6 5. Ba4 b5 6. Bc2 Bb7 7. O-O Ngf6 8. Re1
Qc7 9. d4 e5 10. a4 Rc8 11. d5 Be7 12. Na3 bxa4 13. Bxa4 O-O 14. Nc4 Ra8 15.
Bc2 a5 16. h3 Nb6 17. Nxa5 Nbxd5 18. exd5 Rxa5 19. Rxa5 Qxa5 20. c4 Qd8 21. Bd2
Ba6 22. b3 Nd7 23. Qa1 Bb7 24. Nh2 Bg5 25. Bxg5 Qxg5 26. Qa7 Qd2 27. Nf3 Qb4
28. Qa4 Qxa4 29. bxa4 Ba6 30. Nd2 Rb8 31. Bb3 Kf8 32. a5 Ke7 33. f4 f6 34. f5
Rxb3 35. Nxb3 Bxc4 36. Nd2 Bxd5 37. Rb1 Ba8 38. a6 Kd8 39. Nc4 Kc7 40. a7 d5
41. Na5 c4 42. Kf2 Nb6 43. g4 h6 44. h4 c3 45. Ke2 d4 46. Kd3 Nd7  1/2-1/2

[Event "Frauenbundesliga 2017-2018"]
[Site "Feffernitz, Grieskirchen, St. Veit/Glan"]
[Date "2017.11.24"]
[Round "1"]
[Board "4"]
[White "Panzenboeck, Sophie"]
[Black "Hackbarth, Christa"]
[Result "1/2-1/2"]
[WhiteElo "1509"]
[BlackElo "1818"]
[PlyCount "90"]
[EventDate "2017.11.24"]
[EventType "team"]
[EventRounds "9"]
[EventCountry "AUT"]
[WhiteTeam "SK Baden"]
[BlackTeam "Spg. Steyr"]

1. d4 d5 2. Nf3 Bf5 3. g3 e6 4. Bg2 Nf6 5. O-O h6 6. Nbd2 Be7 7. c3 c6 8. Qb3
Qc7 9. Ne5 Nbd7 10. Ndf3 Qb6 11. Nxd7 Nxd7 12. Qxb6 axb6 13. Re1 O-O 14. Nd2
Rfe8 15. e4 dxe4 16. Nxe4 e5 17. Be3 Bf8 18. a3 exd4 19. Bd2 Ra4 20. f3 Bg6 21.
cxd4 Bxe4 22. Bc3 c5 23. b3 Raa8 24. Rxe4 Rxe4 25. fxe4 cxd4 26. Bxd4 Bc5 27.
Bxc5 bxc5 28. a4 Kf8 29. Rd1 Ke7 30. Kf2 Ne5 31. h3 Rc8 32. Rb1 Rd8 33. Bf1 Rd4
34. Ke3 Rb4 35. Bd3 Nxd3 36. Kxd3 Ke6 37. e5 Kxe5 38. Re1+ Kd6 39. Kc3 Kd7 40.
Re5 Rb6 41. Rxc5 Rf6 42. Rd5+ Kc6 43. Rd3 Rf1 44. Kd4 Rf6 45. Kc4 Rf5  1/2-1/2

[Event "Frauenbundesliga 2017-2018"]
[Site "Feffernitz, Grieskirchen, St. Veit/Glan"]
[Date "2017.11.24"]
[Round "1"]
[Board "1"]
[White "Urh, Zala"]
[Black "Mar, Karmen"]
[Result "0-1"]
[WhiteElo "1978"]
[BlackElo "2047"]
[PlyCount "54"]
[EventDate "2017.11.24"]
[EventType "team"]
[EventRounds "9"]
[EventCountry "AUT"]
[WhiteTeam "SV Chesshero Rapid Feffernitz"]
[BlackTeam "SC Extraherb WS"]

1. d4 d5 2. c4 c6 3. Nf3 Nf6 4. Nc3 a6 5. e3 b5 6. cxd5 cxd5 7. Bd3 e6 8. O-O
Nbd7 9. b3 Bd6 10. Bb2 Bb7 11. Rc1 O-O 12. Ne2 Ne4 13. Ne5 f6 14. Nxd7 Qxd7 15.
f3 Ng5 16. h4 Nf7 17. Bb1 f5 18. Qd3 b4 19. g4 Qe7 20. gxf5 Qxh4 21. f4 Ng5 22.
Qd1 exf5 23. Qe1 Qg4+ 24. Ng3 Nf3+ 25. Rxf3 Qxf3 26. Nxf5 Rf6 27. Ng3 Re8  0-1

[Event "Frauenbundesliga 2017-2018"]
[Site "Feffernitz, Grieskirchen, St. Veit/Glan"]
[Date "2017.11.24"]
[Round "1"]
[Board "2"]
[White "Zechner, Andrea"]
[Black "Zoehrer, Sarah"]
[Result "1/2-1/2"]
[WhiteElo "1818"]
[BlackElo "1735"]
[PlyCount "60"]
[EventDate "2017.11.24"]
[EventType "team"]
[EventRounds "9"]
[EventCountry "AUT"]
[WhiteTeam "SC Extraherb WS"]
[BlackTeam "SV Chesshero Rapid Feffernitz"]

1. d4 d5 2. c4 c6 3. Nf3 e6 4. e3 Bd6 5. Nbd2 f5 6. Bd3 Nf6 7. Qc2 Ne4 8. b3
Nd7 9. Bb2 Ndf6 10. h3 O-O 11. Ne5 Bb4 12. Nef3 Nxd2 13. Nxd2 Ne4 14. Bc1 Qh4
15. O-O Bd6 16. Nf3 Qh5 17. Be2 g5 18. Ne5 Qh4 19. Bf3 Rf6 20. Bxe4 dxe4 21. f4
g4 22. Qf2 Qxf2+ 23. Kxf2 h5 24. a4 Bxe5 25. fxe5 Rf7 26. Ba3 Kg7 27. Rad1 b6
28. hxg4 hxg4 29. Kg3 Kg6 30. Rh1 Bb7  1/2-1/2

[Event "Frauenbundesliga 2017-2018"]
[Site "Feffernitz, Grieskirchen, St. Veit/Glan"]
[Date "2017.11.24"]
[Round "1"]
[Board "3"]
[White "Oberberger, Bianca"]
[Black "Schmidbauer, Andrea"]
[Result "0-1"]
[WhiteElo "1194"]
[BlackElo "1857"]
[PlyCount "65"]
[EventDate "2017.11.24"]
[EventType "team"]
[EventRounds "9"]
[EventCountry "AUT"]
[WhiteTeam "SV Chesshero Rapid Feffernitz"]
[BlackTeam "SC Extraherb WS"]

1. d4 e6 2. e3 Nf6 3. Bd3 d5 4. Nd2 c5 5. c3 Nc6 6. f4 cxd4 7. exd4 Bd6 8. Ndf3
Ne4 9. Ne2 Bd7 10. O-O f6 11. Nd2 f5 12. Qe1 Qf6 13. Nf3 h6 14. Ne5 O-O-O 15.
Ng3 g5 16. Nh5 Qe7 17. Ng6 Qf7 18. Nxh8 Qxh5 19. Qe2 Qxe2 20. Bxe2 Rxh8 21. Be3
Ne7 22. Rac1 Kb8 23. g3 Ng6 24. Bh5 Rg8 25. Kh1 Bb5 26. Rfe1 gxf4 27. Kg1 fxe3
28. Be2 Bxe2 29. Rxe2 f4 30. Kf1 fxg3 31. Rxe3 Bf4 32. Ree1 Bxc1 33. Rxc1  0-1

[Event "Frauenbundesliga 2017-2018"]
[Site "Feffernitz, Grieskirchen, St. Veit/Glan"]
[Date "2017.11.24"]
[Round "1"]
[Board "4"]
[White "Majkovski, Sarah"]
[Black "Oberberger, Sandra"]
[Result "1-0"]
[WhiteElo "1633"]
[BlackElo "1088"]
[PlyCount "147"]
[EventDate "2017.11.24"]
[EventType "team"]
[EventRounds "9"]
[EventCountry "AUT"]
[WhiteTeam "SC Extraherb WS"]
[BlackTeam "SV Chesshero Rapid Feffernitz"]

1. e4 e5 2. Nf3 Nc6 3. Nc3 Nf6 4. d4 d6 5. d5 Ne7 6. Bc4 g6 7. Be3 Bg7 8. h3
O-O 9. Qd2 Nh5 10. O-O-O c6 11. dxc6 bxc6 12. Qxd6 Qxd6 13. Rxd6 Nf4 14. Bxf4
exf4 15. Ne2 Rb8 16. e5 Bh6 17. Rhd1 Rb4 18. Bb3 Bg7 19. R6d4 Rb5 20. a4 Rc5
21. Kb1 Be6 22. Bxe6 fxe6 23. Nxf4 Bxe5 24. Nxe5 Rxe5 25. Rd8 Re4 26. Rxf8+
Kxf8 27. g3 Nd5 28. Nxd5 exd5 29. b3 Kf7 30. Kb2 a5 31. Kc3 Ke6 32. Rd4 Re2 33.
Rf4 Ke7 34. Kd3 Re1 35. b4 g5 36. Rg4 axb4 37. Rxb4 Kd6 38. h4 h6 39. hxg5 hxg5
40. Rg4 Ra1 41. c4 dxc4+ 42. Rxc4 Rd1+ 43. Ke3 Re1+ 44. Kf3 Kd5 45. Rc2 Ra1 46.
Kg4 Rxa4+ 47. Kxg5 c5 48. f4 c4 49. f5 Kd4 50. f6 Ra8 51. f7 c3 52. Kf6 Kd3 53.
Rg2 c2 54. Rg1 Kd2 55. Kg7 c1=Q 56. Rxc1 Kxc1 57. f8=Q Rxf8 58. Kxf8 Kd2 59. g4
Ke3 60. g5 Kf4 61. g6 Kf5 62. g7 Kf4 63. g8=Q Ke4 64. Qg5 Kd3 65. Qf4 Kc3 66.
Ke7 Kd3 67. Kd6 Kc3 68. Qe4 Kb3 69. Kc5 Kb2 70. Qd3 Ka2 71. Kb4 Kb2 72. Qd2+
Kb1 73. Ka3 Ka1 74. Qc1#  1-0

[Event "Frauenbundesliga 2017-2018"]
[Site "Feffernitz, Grieskirchen, St. Veit/Glan"]
[Date "2017.11.24"]
[Round "1"]
[Board "1"]
[White "Exler, Veronika"]
[Black "Anker, Christin"]
[Result "1-0"]
[WhiteElo "2194"]
[BlackElo "1809"]
[PlyCount "91"]
[EventDate "2017.11.24"]
[EventType "team"]
[EventRounds "9"]
[EventCountry "AUT"]
[WhiteTeam "ASVOE Wulkaprodersdorf"]
[BlackTeam "Schach ohne Grenzen"]

1. d4 d5 2. Nf3 c6 3. e3 Nf6 4. Bd3 Bg4 5. Nbd2 Nbd7 6. h3 Bh5 7. c4 e6 8. O-O
Be7 9. b3 O-O 10. Bb2 a6 11. Qc2 Bg6 12. Bxg6 hxg6 13. Rfd1 b5 14. e4 dxe4 15.
Nxe4 Nxe4 16. Qxe4 Rc8 17. Rac1 Nf6 18. Qe2 Re8 19. Ne5 Qb6 20. Qf3 Red8 21.
cxb5 cxb5 22. Nc6 Nd5 23. Nxd8 Rxd8 24. a3 a5 25. Qd3 Qb7 26. Qc2 Qb8 27. Qc6
b4 28. a4 Qf4 29. Qc2 Bd6 30. g3 Qg5 31. Qe4 Qh5 32. Qg4 Qxg4 33. hxg4 Nf6 34.
Rc6 Nxg4 35. d5 Be5 36. Bxe5 Nxe5 37. Rc5 exd5 38. Rdxd5 Rxd5 39. Rxd5 Nc6 40.
Rd6 Ne5 41. f4 Ng4 42. Rd8+ Kh7 43. Rd5 Ne3 44. Rxa5 Nc2 45. Rb5 Kg8 46. a5  1-0

[Event "Frauenbundesliga 2017-2018"]
[Site "Feffernitz, Grieskirchen, St. Veit/Glan"]
[Date "2017.11.24"]
[Round "1"]
[Board "2"]
[White "Wunderl, Eva"]
[Black "Newrkla, Katharina"]
[Result "0-1"]
[WhiteElo "1883"]
[BlackElo "2175"]
[PlyCount "52"]
[EventDate "2017.11.24"]
[EventType "team"]
[EventRounds "9"]
[EventCountry "AUT"]
[WhiteTeam "Schach ohne Grenzen"]
[BlackTeam "ASVOE Wulkaprodersdorf"]

1. e4 c5 2. Nf3 d6 3. Bb5+ Nd7 4. d4 cxd4 5. Qxd4 a6 6. Bc4 e6 7. Nc3 Qc7 8.
O-O Ngf6 9. a4 Be7 10. h3 O-O 11. Be3 b6 12. Be2 Bb7 13. Qd3 Nc5 14. Bxc5 bxc5
15. Qe3 d5 16. exd5 exd5 17. Qe5 Bd6 18. Qf5 d4 19. Nd1 Be4 20. Qg5 Bxc2 21.
Ne1 Bg6 22. Bf3 Rab8 23. Qd2 Bf4 24. Qe2 c4 25. Bg4 d3 26. Qf3 Be4  0-1

[Event "Frauenbundesliga 2017-2018"]
[Site "Feffernitz, Grieskirchen, St. Veit/Glan"]
[Date "2017.11.24"]
[Round "1"]
[Board "4"]
[White "Roos, Karin"]
[Black "Moerwald, Miriam"]
[Result "1/2-1/2"]
[WhiteElo "1705"]
[BlackElo "1625"]
[PlyCount "63"]
[EventDate "2017.11.24"]
[EventType "team"]
[EventRounds "9"]
[EventCountry "AUT"]
[WhiteTeam "Schach ohne Grenzen"]
[BlackTeam "ASVOE Wulkaprodersdorf"]

1. e4 c6 2. d4 d5 3. exd5 cxd5 4. Bd3 Nc6 5. c3 Qc7 6. Ne2 e6 7. Bf4 Bd6 8.
Bxd6 Qxd6 9. O-O Nge7 10. Nd2 O-O 11. Qc2 Ng6 12. Rae1 e5 13. dxe5 Ncxe5 14.
Bf5 Bxf5 15. Qxf5 Rfe8 16. Nd4 Nc4 17. Nxc4 dxc4 18. Qb5 Ne5 19. f4 Nc6 20.
Rxe8+ Rxe8 21. Qxc4 Re4 22. g3 Nxd4 23. cxd4 Qxd4+ 24. Qxd4 Rxd4 25. Rf2 f5 26.
Rc2 Rd7 27. Kf2 Kf7 28. Ke3 Ke7 29. Rc5 g6 30. Rc4 b6 31. Rc6 Rd6 32. Rc7+
 1/2-1/2

[Event "Frauenbundesliga 2017-2018"]
[Site "Feffernitz, Grieskirchen, St. Veit/Glan"]
[Date "2017.11.25"]
[Round "2"]
[Board "1"]
[White "Fuchs, Judith"]
[Black "Anker, Christin"]
[Result "1-0"]
[WhiteElo "2286"]
[BlackElo "1809"]
[PlyCount "71"]
[EventDate "2017.11.24"]
[EventType "team"]
[EventRounds "9"]
[EventCountry "AUT"]
[WhiteTeam "Mayrhofen/SK Zell/Zillertal"]
[BlackTeam "Schach ohne Grenzen"]

1. d4 d5 2. Bf4 Nf6 3. e3 c5 4. c3 Nc6 5. Nd2 Bf5 6. Qb3 Qd7 7. dxc5 e5 8. Bg3
Bxc5 9. Ngf3 Qe7 10. Bb5 Bd6 11. Bh4 a6 12. Be2 Be6 13. Ng5 O-O 14. Nxe6 fxe6
15. e4 b5 16. O-O Na5 17. Qc2 Rac8 18. a4 b4 19. Bxa6 Rc5 20. Qd3 bxc3 21. b4
cxd2 22. bxc5 Bxc5 23. exd5 exd5 24. Qxd2 Nb3 25. Bxf6 Nxd2 26. Bxe7 Bxe7 27.
Rfd1 Nb3 28. Rab1 Nd4 29. Re1 Bf6 30. Bb7 Rd8 31. a5 Ne6 32. a6 d4 33. a7 Nc7
34. Rec1 d3 35. Rxc7 d2 36. Rd1  1-0

[Event "Frauenbundesliga 2017-2018"]
[Site "Feffernitz, Grieskirchen, St. Veit/Glan"]
[Date "2017.11.25"]
[Round "2"]
[Board "2"]
[White "Wunderl, Eva"]
[Black "Schnegg, Anna-Lena"]
[Result "0-1"]
[WhiteElo "1883"]
[BlackElo "2140"]
[PlyCount "92"]
[EventDate "2017.11.24"]
[EventType "team"]
[EventRounds "9"]
[EventCountry "AUT"]
[WhiteTeam "Schach ohne Grenzen"]
[BlackTeam "Mayrhofen/SK Zell/Zillertal"]

1. e4 e5 2. Nf3 Nc6 3. Bc4 Nf6 4. d3 h6 5. c3 d6 6. Bb3 g6 7. Nbd2 Bg7 8. Nf1
d5 9. Ng3 O-O 10. O-O Be6 11. Be3 Qd7 12. Ba4 Qd6 13. Qc2 a6 14. Bxc6 bxc6 15.
c4 Nd7 16. Rac1 d4 17. Bd2 a5 18. Ne1 Kh7 19. f4 exf4 20. Bxf4 Be5 21. Bxe5
Nxe5 22. Nf3 c5 23. Nxe5 Qxe5 24. Qd2 a4 25. Qf4 Qxf4 26. Rxf4 Rab8 27. Rc2 f6
28. Rff2 Rbe8 29. h3 Kg7 30. Rce2 h5 31. Nf1 Rb8 32. Nh2 Rbe8 33. Nf1 Re7 34.
Nd2 Rfe8 35. Kf1 Bd7 36. Nf3 Be6 37. Nd2 Bd7 38. Nf3 f5 39. Ng5 h4 40. Rf4 Kh6
41. Nf3 g5 42. Nxg5 Kxg5 43. Ref2 fxe4 44. dxe4 Rxe4 45. Rxe4 Rxe4 46. Rf7 Rf4+
 0-1